000 01029nam a22003257a 4500
001 BR0401291
003 BR-BrBNA
005 20230928101527.0
007 ta
008 230509b bl.||||| |||| 00| 0 por d
040 _aBR-BrBNA
_bpor
_cBiblioteca Nacional de Agricultura
041 _a(Por)
072 _aH20
_b1000
_b4120
090 _ 1000 BR0401291
100 1 _aAssis, R. de
110 1 _aCentro de Energia Nuclear na Agricultura, Piracicaba, SP (Brasil)
_0Tese (Doutor em Ciências)
245 1 _aEstudos da rubelose em citros e do seu agente causal Erythricium salmonicolor (Corticium salmonicolor)(Berk. Br.)Burdsall
260 3 _aPiracicaba, SP (Brasil):
_c2003.
300 _a67 p.
500 _aSummaries (Eng, Por); 43 ref.; 16 illus.; 6 tables
650 _aFRUTA CÍTRICA
650 _aFUNGO
650 _aRUBELOSE
650 _aEPIDEMIOLOGIA
650 _aCONTROLE INTEGRADO
650 _aPATÓGENO
650 _aMÉTODO DE PESQUISA
909 _a202309
_bLucia
_c55
_dLucia Elande
942 _cBK
999 _c66268
_d66268